<?xml version="1.0" encoding="UTF-8"?>
<collection xmlns="http://www.loc.gov/MARC21/slim">
<record>
  <controlfield tag="001">162701</controlfield>
  <controlfield tag="005">20251017144600.0</controlfield>
  <datafield tag="024" ind1="7" ind2=" ">
    <subfield code="2">doi</subfield>
    <subfield code="a">10.1080/10503307.2025.2541707</subfield>
  </datafield>
  <datafield tag="024" ind1="8" ind2=" ">
    <subfield code="2">sideral</subfield>
    <subfield code="a">145249</subfield>
  </datafield>
  <datafield tag="037" ind1=" " ind2=" ">
    <subfield code="a">ART-2025-145249</subfield>
  </datafield>
  <datafield tag="041" ind1=" " ind2=" ">
    <subfield code="a">eng</subfield>
  </datafield>
  <datafield tag="100" ind1=" " ind2=" ">
    <subfield code="a">Martínez-García, Laura</subfield>
    <subfield code="u">Universidad de Zaragoza</subfield>
  </datafield>
  <datafield tag="245" ind1=" " ind2=" ">
    <subfield code="a">Acceptability and preliminary effectiveness of the Unified Protocol in blended format in the Spanish public mental health system: Results from a Pilot Randomized Controlled Trial</subfield>
  </datafield>
  <datafield tag="260" ind1=" " ind2=" ">
    <subfield code="c">2025</subfield>
  </datafield>
  <datafield tag="520" ind1="3" ind2=" ">
    <subfield code="a">Objective: This study evaluated the acceptability and preliminary effectiveness of the UP in blended format, combining face-to-face UP sessions with the use of the UP-App, versus Treatment as Usual (TAU) for treating Emotional disorders (ED) in Spanish specialized mental health units. Methods: A total of 76 adults presenting a diagnosis of ED were randomly assigned to UP + APP (n = 40) or TAU (n = 36) and completed self-report questionnaires at baseline, 3 and 6 months after treatment onset. Results: Improvements in both conditions for ODSIS (b = −2.84; T = −2.36), depressed mood (b = −6.85; T = 0.01), and the describing facet of mindfulness were found (b = 4.01; T = 2.31). No significant differences were found between both conditions in terms of treatment outcomes or in the Time∗Condition interaction. However, engagement with the UPApp understood as number of completed UP-App modules was related to improvements in emotion regulation and the acting with awareness facet of mindfulness, especially at 6 months, suggesting a possible time-dependent effect and UPApp modules completed. The UP-App showed good usability at 3 months (76.47) and excellent at 6 months (83.96),
but low adherence (7.5% completers). Satisfaction with the treatment was similar in both conditions. Conclusions: This study suggests that the UP + APP may be as effective as TAU for ED in the SNHS. However, high dropout rates and low adherence to the UP-App constrain these results. Future research should explore a modified implementation format of the UP + APP ensuring a greater presence of the therapist, as well as an updated version of the UP-App incorporating feedback from the current study and new functionalities, in an RCT with a larger sample, as well as comparing standard UP vs UP + APP to determine the unique contribution of the UP-App on effectiveness,
adherence, and user experience with UP.</subfield>
  </datafield>
  <datafield tag="536" ind1=" " ind2=" ">
    <subfield code="9">info:eu-repo/grantAgreement/ES/DGA/S31-23R</subfield>
    <subfield code="9">info:eu-repo/grantAgreement/ES/ISCIII-FEDER/PI20-00697</subfield>
  </datafield>
  <datafield tag="540" ind1=" " ind2=" ">
    <subfield code="9">info:eu-repo/semantics/closedAccess</subfield>
    <subfield code="a">All rights reserved</subfield>
    <subfield code="u">http://www.europeana.eu/rights/rr-f/</subfield>
  </datafield>
  <datafield tag="655" ind1=" " ind2="4">
    <subfield code="a">info:eu-repo/semantics/article</subfield>
    <subfield code="v">info:eu-repo/semantics/publishedVersion</subfield>
  </datafield>
  <datafield tag="700" ind1=" " ind2=" ">
    <subfield code="a">Schaeuffele, Carmen</subfield>
  </datafield>
  <datafield tag="700" ind1=" " ind2=" ">
    <subfield code="a">Peris-Baquero, Óscar</subfield>
    <subfield code="u">Universidad de Zaragoza</subfield>
    <subfield code="0">(orcid)0000-0002-2437-1207</subfield>
  </datafield>
  <datafield tag="700" ind1=" " ind2=" ">
    <subfield code="a">Torres Alfosea, María Ángeles</subfield>
  </datafield>
  <datafield tag="700" ind1=" " ind2=" ">
    <subfield code="a">Osma, Jorge</subfield>
    <subfield code="u">Universidad de Zaragoza</subfield>
    <subfield code="0">(orcid)0000-0002-7293-318X</subfield>
  </datafield>
  <datafield tag="710" ind1="2" ind2=" ">
    <subfield code="1">4009</subfield>
    <subfield code="2">680</subfield>
    <subfield code="a">Universidad de Zaragoza</subfield>
    <subfield code="b">Dpto. Psicología y Sociología</subfield>
    <subfield code="c">Área Person.Eval.Trat.Psicoló.</subfield>
  </datafield>
  <datafield tag="773" ind1=" " ind2=" ">
    <subfield code="g">(2025), [18 pp.]</subfield>
    <subfield code="p">Psychother. res.</subfield>
    <subfield code="t">PSYCHOTHERAPY RESEARCH</subfield>
    <subfield code="x">1050-3307</subfield>
  </datafield>
  <datafield tag="856" ind1="4" ind2=" ">
    <subfield code="s">989893</subfield>
    <subfield code="u">http://zaguan.unizar.es/record/162701/files/texto_completo.pdf</subfield>
    <subfield code="y">Versión publicada</subfield>
  </datafield>
  <datafield tag="856" ind1="4" ind2=" ">
    <subfield code="s">1193937</subfield>
    <subfield code="u">http://zaguan.unizar.es/record/162701/files/texto_completo.jpg?subformat=icon</subfield>
    <subfield code="x">icon</subfield>
    <subfield code="y">Versión publicada</subfield>
  </datafield>
  <datafield tag="909" ind1="C" ind2="O">
    <subfield code="o">oai:zaguan.unizar.es:162701</subfield>
    <subfield code="p">articulos</subfield>
    <subfield code="p">driver</subfield>
  </datafield>
  <datafield tag="951" ind1=" " ind2=" ">
    <subfield code="a">2025-10-17-14:14:01</subfield>
  </datafield>
  <datafield tag="980" ind1=" " ind2=" ">
    <subfield code="a">ARTICLE</subfield>
  </datafield>
</record>
</collection>